000 00793cam a22002773a 4500
001 2078
003 PGUSA
005 20140828083010.0
008 060322s2006||||xxu|||||s|||||000 1 eng d
040 _aPGUSA
_beng
042 _adc
050 4 _aPQ
100 1 _aFrance, Anatole,
_d1844-1924
245 1 0 _aThais
_h[electronic resource] /
_cAnatole France
260 _bProject Gutenberg,
_c2006
506 _aPublic domain in the USA.
516 _aElectronic text
653 _aCourtesans -- Fiction
653 _aEgypt -- Fiction
653 _aChristianity, Conversion to -- Fiction
653 _aHermits -- Fiction
700 1 _aDouglas, Robert B.
_q(Robert Bruce),
_d1848-
830 0 _aProject Gutenberg
_v2078
856 4 0 _uhttp://www.gutenberg.org/ebooks/2078
942 _cEB
999 _c231417
_d231417